| 000 | 00521nam a22002057a 4500 | ||
|---|---|---|---|
| 003 | OSt | ||
| 005 | 20140310182921.0 | ||
| 008 | 130129t xxu||||| |||| 00| 0 eng d | ||
| 020 | _a9712715469 | ||
| 050 |
_aDS 653.7 _b.J62 2005 |
||
| 082 |
_aFIL 899.2103 _b.J62 2005 |
||
| 245 |
_aA question of heroes _cJoaquin, Nick |
||
| 260 |
_aPasig City _bAnvil _cc2005 |
||
| 300 |
_a237 p. _c23 cm. _bill. |
||
| 521 | _acollege students | ||
| 526 | _c1210L-1700L | ||
| 541 | _j1 | ||
| 562 | _e1 | ||
| 942 |
_2lcc _cBK _kFIL |
||
| 999 |
_c17348 _d17348 |
||